Les 12 coups de midi | Coup fatal #4 - Statistiques

Statistiques générales
  • Ce quiz a été pris 407 fois
  • Le résultat moyen est 6 sur 17
Statistiques - réponses
Questions Réponses % Correct
Quel mot anglais désigne les deux derniers jours de la semaine ? week end
92%
A quel niveau remet-on les compteurs quand on décide d'oublier un différend ? zero
84%
Quel jour y a-t-il entre le samedi et le lundi ? dimanche
81%
Comment appelle-t-on un groupe de vaches appartenant à un même éleveur ? troupeau
77%
Quelle équipe de la NBA LeBron James a-t-il intégrée en 2018 ? Lakers
74%
Combien y a-t-il de selles sur un tricyles ? un
66%
Quel sport est au coeur du jeu vidéo "TopSpin 2k25" ? tennis
37%
Quels symboles de Montmartre peuvent être "de la Galette" ou "Rouge" ? moulins
31%
Quelle unité de masse est égale à un millième de kilogramme ? gramme
27%
Quel navire à rames est synonyme de "pépin" et de "malchance" ? galère
22%
Dans quelle série David Brent est-il le patron d'une entreprise de papier ? The Office
18%
Quel roi de Sparte est le frère d'Agamemnon ? Ménélas
9%
Dans "Starmania", Daniel Balavoine chantait "Quand on arrive en... en ville
8%
Quelle duchesse fut successivement la femme des rois Charles VIII et Louis XII ? Anne de Bretagne
3%
En 1924, quelle ville du Finistère fut secouée par la grève des sardinières ? Douarnenez
3%
Qui a reçu le prix Renaudot pour son roman "Les Ames grises" ? Philippe Claudel
1%
Quel mot évoquant un amphibien désigne une petite grille qui protège un tuyau de gouttière ? crapaudine
0%
Aucun quiz correspondant
Distribution des résultats
% des personnes avec chaque résultat
Percentile par nombre de réponses
Votre historique - résultats
Vous n’avez pas pris ce quiz